000 00880nam a2200229 i 4500
001 bg
100 1 _aBAGIŃSKI, Eugeniusz
245 1 0 _aOpinie młodego pokolenia mieszkańców o swoich miastach /
_cEugeniusz Bagiński ; Katedra Planowania Przestrzennego. Wydział Architektury Politechniki Wrocławskiej.
260 _aWrocław :
_bOficyna Wydawnicza PW,
_c1995.
300 _a96 s., [1] k. mapa złoż. :
_bfot. ;
_c24 cm.
504 _aBibliogr. s. 93-96. - Summ.
650 9 _aMiasta
_xsocjologia
_zPolska
_yod 1989 r.
650 9 _aStudenci
_xsocjologia
_zPolska
_yod 1989 r.
650 9 _aŚwiadomość społeczna
_xzagadnienia
_zPolska
_yod 1989 r.
020 _a8370851959
040 _cBPK
041 0 _apl
_ben
080 _a316.334.56:316.346.3-057.875:316.63](438)"1980/..."
920 _a83-7085-195-9
942 _cKS
008 s pl f |000 0 pol
999 _c31049
_d31049
856 _uhttp://koha.tu.koszalin.pl/cgi-bin/koha/opac-detail.pl?biblionumber=31049
_yKatalog online BPK